000 00685cam a2200241 4500500
005 20260329001256.0
041 _afre
042 _adc
100 1 0 _aGagey, Athénaïs
_eauthor
245 0 0 _aLa santé mentale est-elle l’affaire des entreprises ?
260 _c2023.
500 _a32
690 _aBurn-out
690 _aCommunication
690 _aEntreprise
690 _aRessources humaines
690 _aSanté
690 _aSouffrance au travail
690 _aStart-up
690 _aTravail
786 0 _nPhilonomist | - | 7 | 2023-06-21 | p. 28-40
856 4 1 _uhttps://shs.cairn.info/magazine-philonomist-2023-7-page-28?lang=fr&redirect-ssocas=7080
999 _c1803782
_d1803782